000 01158nam0a22002651 4500
001 rc\3055640
005 20260407084710.0
035 _a(NLR Aleph) 007194846
090 _a7573958
_c7573958
100 _a20111011d1945 u y0rusy50 ca
101 0 _arus
102 _aRU
105 _ay j |||||
200 1 _aУчебные планы и программы курсов по подготовке государственных поверителей системы Комитета по делам мер и измерительных приборов при СНК СССР
_fПод ред. И.П. Лисаченко
210 _aМосква
_cБ. и.
_d1945
_g6-я тип. треста "Полиграфкнига"
215 _a127 с.
_d22 см
702 1 _aЛисаченко
_bИ.П.
_4340
710 0 1 _aСССР
_bКомитет по делам мер и измерительных приборов
_9297983
_3RU\NLR\AUTH\8812586
801 0 _aRU
_bNLR
_gpsbo
801 1 _aRU
_bELAR
_2rusmarc
852 _aNLR
_jТ40 Г-5/5
942 _cBOOK
945 _aРоссийская национальная библиотека
980 _aNB
980 _aBV